| 000 | 00596nam a2200241 a 4500 | ||
|---|---|---|---|
| 001 | nice12345678 | ||
| 003 | IN_TiNIC | ||
| 005 | 20260116013723.0 | ||
| 008 | 050524s1993 dela grp 000 0 eng | ||
| 020 |
_a _c100 |
||
| 082 | 0 | 0 |
_a340.59 _bRAF |
| 100 | _aRafiuddin, Mohammad | ||
| 245 | _aManifesto of Islam | ||
| 260 |
_aDelhi _bIslamic Book Service _c1993 |
||
| 300 | _a222p | ||
| 500 | _aincludes index and biblioraphy | ||
| 505 | 2 | _aAppendix, Bibliography, Index | |
| 650 | _aIslamic-Law | ||
| 700 | 1 | _aRafiuddin, Mohammad | |
| 902 | _bSRS | ||
| 942 | _cBK | ||
| 999 |
_c12145 _d12145 |
||